Obrábanie keramiky pomocou rotačného ultrazvukového obrábania pri vysokých rezných rýchlostiach

Salvato in:
Dettagli Bibliografici
Autore principale: Drgoň, Martin (Autore)
Altri autori: Kuruc, Marcel (Relatore della tesi)
Natura: Manoscritto Libro
Lingua:slovacco
Pubblicazione: 2020
Soggetti:
Accesso online:http://is.stuba.sk/zp/portal_zp.pl?podrobnosti=151226
Tags: Aggiungi Tag
Nessun Tag, puoi essere il primo ad aggiungerne!!

MARC

LEADER 00000ntm a22000003a 4500
001 stuzp78110
003 SK-STU
005 20200704211659.8
007 ta
008 150427s2015----xo-----f-mn---000-0-slo-d
040 |a STU  |b slo 
041 0 |a slo 
100 1 |a Drgoň, Martin  |u 063000  |k Z4  |4 aut  |U MTF Materiálovotechnologická fakulta  |T MTF Ústav výrobných technológií  |X 74502  |U M3000  |Y 83  |7 74502 
242 0 1 |a Machining of ceramic material by rotary ultrasonic machining at high cutting speeds  |y eng 
245 1 0 |a Obrábanie keramiky pomocou rotačného ultrazvukového obrábania pri vysokých rezných rýchlostiach 
260 |c 2020 
650 4 |a Obrábanie  |2 slo 
650 4 |a Ultrazvuk  |2 slo 
650 4 |a Rotačné ultrazvukové obrábanie  |2 slo 
650 4 |a Vysokorýchlostné obrábanie  |2 slo 
650 4 |a Rotary ultrasonic machining  |2 eng 
650 4 |a High speed machining  |2 eng 
650 4 |a Machining  |2 eng 
650 4 |a Ultrasonic  |2 eng 
700 1 |a Kuruc, Marcel  |u 063200  |k Z1  |4 ths  |U MTF Ústav výrobných technológií  |T MTF Katedra obrábania a počítačovej podpory technológií  |X 48583  |U M3200  |Y 164  |7 A000048583 
856 4 |u http://is.stuba.sk/zp/portal_zp.pl?podrobnosti=151226 
996 |c M* DP-14190  |l MMSKP  |s P  |a 0  |w stuzp78110_0001